01113cam a22003254a 450000100090000000300040000900500170001300800410003001000170007102000420008803500200013004000230015004200080017305000250018106000220020608200120022810000230024024501000026324600280036325000120039126000560040330000450045950000660050465000280057065000220059865000250062070000210064573000440066685600770071013753201OSt20170120152838.0041014s2006 caua 000 0 eng  a 2004024369 a0805372873 (spiralbound : alk. paper) a(DNLM)101231935 aDNLM/DLCcDLCdDLC apcc00aREF QM25b.M286 200610aQS 17bM386m 200600a6112221 aMartini, Frederic.10aMartini's atlas of the human body /cby Frederic H. Martini, with William C. Ober ... [et al.].30aAtlas of the human body a7th ed. aSan Francisco :bPearson/Benjamin Cummings,cc2006. aiv, 151 p. :bill. (some col.) ;c28 cm. aTo accompany: Fundamentals of anatomy and physiology, 7th ed. 0aHuman anatomyvAtlases.12aAnatomyvAtlases.22aPhysiologyvAtlases.1 aOber, William C.0 aFundamentals of anatomy and physiology.413Table of contentsuhttp://www.loc.gov/catdir/toc/ecip052/2004024369.html